000 00758nam a2200241Ia 4500
003 OSt
005 20220926025013.0
006 a|||||r|||| 00| 0
007 ta
008 220923b |||||||| |||| 00| 0 eng d
037 _cGeneral Book
040 _aRTL
_cRTL
_beng
041 _2eng
_aeng
082 _aX9(F55):75.1(X).N8, M4
110 _aUnited Nations, Technical Cooperation For Development (Deptt of-)
_9331755
245 0 _aEnergy planning in developing countries
260 _aOxford
_bO U P
_c1984
300 _avii,309p.
_ccm.
650 _aFuel
700 _aUnited Nations, Technical Cooperation For Development (Deptt of-)
_9331756
942 _hX9(F55):75.1(X).N8, M4
_cGB
_2CC
999 _c646124
_d646124